All Governors of Nevada - Statistics

General Stats
  • This quiz has been taken 3 times
  • The average score is 8 of 31
Answer Stats
Years Served Party Governor % Correct
2019 - 2023 Democrat Steve Sisolak
100%
2011 - 2019 Republican Brian Sandoval
67%
2023 - Present Republican Joe Lombardo
67%
1989 - 1999 Democrat Bob Miller
33%
1887 - 1890 Republican Charles C. Stevenson
33%
1951 - 1959 Republican Charles H. Russell
33%
1939 - 1945 Democrat Edward P. Carville
33%
1890 - 1891 Republican Frank Bell
33%
1927 - 1934 Republican Fred B. Balzar
33%
1864 - 1871 Republican Henry G. Blasdel
33%
1923 - 1927 Democrat James G. Scrugham
33%
1883 - 1887 Democrat Jewett W. Adams
33%
2007 - 2011 Republican Jim Gibbons
33%
1903 - 1908 Silver Democratic John Sparks
33%
1971 - 1979 Democrat Mike O'Callaghan
33%
1896 - 1903 Silver Reinhold Sadler
33%
1935 - 1939 Democrat Richard Kirman Sr.
33%
1979 - 1983 Republican Robert List
33%
1945 - 1951 Democrat Vail Pittman
33%
1908 - 1911 Silver Democratic Denver S. Dickerson
0%
1915 - 1923 Democrat Emmet D. Boyle
0%
1959 - 1967 Democrat Grant Sawyer
0%
1895 - 1896 Silver John Edward Jones
0%
1879 - 1883 Republican John Henry Kinkead
0%
1999 - 2007 Republican Kenny Guinn
0%
1871 - 1879 Democrat Lewis R. Bradley
0%
1934 - 1935 Republican Morley Griswold
0%
1967 - 1971 Republican Paul Laxalt
0%
1983 - 1989 Democrat Richard Bryan
0%
1891 - 1895 Republican Roswell K. Colcord
0%
1911 - 1915 Republican Tasker Oddie
0%
No matching quizzes found
Score Distribution
Percent of People with Each Score
Percentile by Number Answered
Your Score History
You have not taken this quiz